Statistics for Largest Islands of Oceania

Click here to take the quiz!

General Stats

  • This quiz has been taken 28 times
  • The average score is 12 of 25

Answer Stats

IslandCountry% Correct
North IslandNew Zealand
100%
South IslandNew Zealand
100%
TasmaniaAustralia
100%
New GuineaIndonesia, Papua New Guinea
92%
New CaledoniaFrance
88%
Bougainville IslandPapua New Guinea
76%
Hawai'iUnited States
76%
New IrelandPapua New Guinea
72%
New BritainPapua New Guinea
68%
Viti LevuFiji
68%
GuadalcanalSolomon Islands
60%
Vanua LevuFiji
60%
Espiritu SantoVanuatu
36%
Choiseul IslandSolomon Islands
32%
Kangaroo IslandAustralia
32%
K'gariAustralia
24%
Savai'iSamoa
24%
Stewart Island | RakiuraNew Zealand
24%
MalaitaSolomon Islands
20%
MalakulaVanuatu
16%
ManusPapua New Guinea
16%
Melville IslandAustralia
16%
Groote EylandteAustralia
12%
MakiraSolomon Islands
12%
New GeorgiaSolomon Islands
12%

Score Distribution

Percentile by Number Answered

Percent of People with Each Score

Your Score History

You have not taken this quiz